Biggest Cities on the Arkansas River - Statistics

General Stats
  • This quiz has been taken 27 times
  • The average score is 5 of 10
Answer Stats
Population Answer % Correct
655,479 Tulsa
92%
431,388 Little Rock
88%
472,870 Wichita
68%
122,947 Fort Smith
64%
53,495 Pine Bluff
40%
136,550 Pueblo
40%
29,942 Garden City
20%
32,733 Russellville
16%
44,320 Hutchinson
12%
42,052 Muskogee
12%
No matching quizzes found
Score Distribution
Percent of People with Each Score
Percentile by Number Answered
Your Score History
You have not taken this quiz